000 00762cam a2200193 i 4500
005 20251210102534.0
008 250721s2000 le gr 000 0 ara d
082 1 4 _a216.23
_bح ن ف
100 1 _aالحنفي، محمد بخيت المطيعي
_eمؤلف.
245 1 0 _aكتاب إرشاد أهل الملة إلى إثبات الأهلة /
_cتاليف العلامه الشيخ محمد بخيت المطيعي الحنفي؛ واعتني به حسن احمد اسبر.
250 _aالطبع الاولى.
264 3 1 _aبيروت :
_bدار ابن حزم،
_c2000.
300 _a272 صفحه.
650 1 7 _aالصوم.
650 1 7 _aالوقت.
700 1 _aإسبر، حسن أحمد
_eتحقيق.
942 _2ddc
_cBK
999 _c1750
_d1750